000 00565cab a2200205 4500
001 ABS41233
008 090401t1989 xxu||||| |||| 00| 0 eng d
035 _a(Sirsi) u29013
041 _aeng
100 _aBailey, A.
245 _aMoving out of London town
260 _c1989
350 _a0
490 _aDirector
_v43(1) August 1989, 27-28(2)
520 _aEmphasizes the savings to be made out of relocation but also the careful planning, which is required.
650 _aOFFICES
690 _aECONOMIC AND SOCIAL
942 _n0
948 _c04/03/1997
999 _c19526
_d19526